Rain! Rain! / (Record no. 3050)

MARC details
000 -LEADER
fixed length control field 00838nam a22002777a 4500
001 - CONTROL NUMBER
control field 3050
003 - CONTROL NUMBER IDENTIFIER
control field FISKH
005 - DATE AND TIME OF LATEST TRANSACTION
control field 20240201110031.0
008 - FIXED-LENGTH DATA ELEMENTS--GENERAL INFORMATION
fixed length control field 240201b cb ||||| |||| 00| 0 eng d
020 ## - INTERNATIONAL STANDARD BOOK NUMBER
International Standard Book Number 9780516245454
040 ## - CATALOGING SOURCE
Original cataloging agency FISKH
Language of cataloging eng
Transcribing agency FISKH
Modifying agency FISKH
050 ## - LIBRARY OF CONGRESS CALL NUMBER
Classification number PZ7.G82845
082 ## - DEWEY DECIMAL CLASSIFICATION NUMBER
Classification number 463
100 ## - MAIN ENTRY--PERSONAL NAME
Personal name Green, Carol
245 ## - TITLE STATEMENT
Title Rain! Rain! /
Statement of responsibility, etc. by Green, Carol
260 ## - PUBLICATION, DISTRIBUTION, ETC.
Place of publication, distribution, etc. New York :
Name of publisher, distributor, etc. Scholastic ,
Date of publication, distribution, etc. 1982
300 ## - PHYSICAL DESCRIPTION
Extent 31 pages :
Other physical details color illustrations ;
Dimensions 19 cm .
490 ## - SERIES STATEMENT
Series statement Rookie Readers
505 ## - FORMATTED CONTENTS NOTE
Formatted contents note C <br/>
520 ## - SUMMARY, ETC.
Summary, etc. Black clouds bring lightning and thunder and finally, rain that falls on everything and everyone. Includes a word list.
521 8# - TARGET AUDIENCE NOTE
Target audience note 100 <br/>
Source Lexile <br/>
521 8# - TARGET AUDIENCE NOTE
Target audience note C <br/>
Source Raz-Plus <br/>
600 ## - SUBJECT ADDED ENTRY--PERSONAL NAME
Source of heading or term rain
Form subdivision non-fiction
700 ## - ADDED ENTRY--PERSONAL NAME
Personal name Frederick, Larry
Relator term illustrator
942 ## - ADDED ENTRY ELEMENTS (KOHA)
Source of classification or shelving scheme Dewey Decimal Classification
Koha item type Books
Suppress in OPAC No
Holdings
Withdrawn status Lost status Source of classification or shelving scheme Damaged status Not for loan Collection Home library Current library Shelving location Date acquired Total Checkouts Full call number Barcode Date last seen Date last checked out Price effective from Koha item type
    Dewey Decimal Classification     Non-Fiction Footprints International School Library Network Toul Tom Poung Campus Footprints International School Library Network Toul Tom Poung Campus   02/01/2024 3 GRE 463 PZ7.G82845 FISTK02234 11/28/2025 11/21/2025 02/01/2024 Books